| 000 | 00670aam a2200241 4500 | ||
|---|---|---|---|
| 005 | 20220201110035.0 | ||
| 008 | 150818b xxu||||| |||| 00| 0 spa d | ||
| 041 | _aEspañol | ||
| 082 | _a658 B512r | ||
| 100 |
_aBirkinshaw, Julián _918677 |
||
| 245 | _aReiventando la administración: decisiones más inteligentes para que el trabajo se haga | ||
| 260 | _aMéxico | ||
| 260 | _bPatria | ||
| 260 | _c2011 | ||
| 300 | _a240 páginas | ||
| 650 |
_aADMINISTRACIÓN _9268 |
||
| 650 |
_aTOMA DE DECISIONES _9865 |
||
| 650 |
_aCOMUNICACIÓN _9490 |
||
| 650 |
_aMOTIVACIÓN _962380 |
||
| 650 |
_aCAMBIO ORGANIZACIONAL _93377 |
||
| 650 |
_aLIDERAZGO _922 |
||
| 942 | _cBK | ||
| 999 |
_c579 _d579 |
||